Malay for every one : mastering Malay through english

Bibliographic Details
Main Author: Othman Sulaiman
Format: Book
Published: Petaling Jaya : Pelanduk Publcations(M) Sdn Bhd , 1990
Subjects:

MARC

LEADER 00000cam a2200000 7i4500
001 0000005343
002 000005772
005 20000330.0
020 |a 9679783227 
090 0 0 |a 499.2382421   |b OTH 
100 0 |a Othman Sulaiman 
245 1 0 |a Malay for every one :   |b mastering Malay through english   |c Othman Sulaiman 
260 |a Petaling Jaya :   |b Pelanduk Publcations(M) Sdn Bhd ,   |c 1990 
300 |a 290p. ;   |c 23cm. 
650 0 0 |a Malay language   |x Grammar 
650 0 0 |a Malay language   |x Usage 
999 |a 032862   |b BUKU   |c RUJUKAN   |e PERPUSTAKAAN KOMUNITI PETALING JAYA